000 00527nam a2200193Ia 4500
003 OSt
005 20250115090503.0
008 210716s1994 xx 000 0 und d
020 _a0373451660
040 _cAIMIT LIBRARY
041 _aeng
082 _a808.83
_21
_bMATC
100 _aMatlock, Curtiss Ann.
_9193398
245 _aTime to keep /
_cBy Curtiss Ann Matlock.
250 _a1st ed.
260 _aNew York :
_bSilhouette books ;
_c1994.
300 _a250p. ;
_bPB
_c17 cm.
942 _2ddc
_cBK
_e1st ed.
_k808.83 MATC
999 _c200297
_d200297